| 000 | 01118 a2200217 4500 | ||
|---|---|---|---|
| 001 | 48615 | ||
| 005 | 20260407155751.0 | ||
| 008 | 260407a1978 arg spa d | ||
| 003 | AR-UNSa-BCEJYS | ||
| 040 |
_aAR-UNSa-BCEJYS _bspa _cAR-UNSa-BCEJYS |
||
| 080 |
_a342.9 _xDerecho Administrativo |
||
| 245 | 1 | 0 | _aPrincipios de derecho administrativo |
| 020 | _a84-7351-142-5 | ||
| 264 | 1 |
_aMadrid : _bInstituto Nacional de Administración Pública (INAP) _c1978 |
|
| 300 |
_a298 p. _c22 cm. |
||
| 505 | _a1. La ciencia - 2. Organización de la administración: Los oficios de la Administración Central - 3. Organización de la Administración: Teoría de las relaciones entre el empleado y el Estado - 4. Organización de la Administración: Administración local - 5. La actividad de la Administración: la actividad jurídica - 6. La actividad de la Administración: la actividad social - 7. La defensa jurisdiccional contra la acción administrativa - 8. Las obligaciones del Estado. | ||
| 942 | _cBK | ||
| 590 | _aniveau_biblio:m niveau_hierar:0 | ||
| 100 | 1 | _aOrlando, V.E. | |
| 700 | 1 | _aRodríguez Bereijo, Álvaro | |
| 999 |
_c4643 _d4643 |
||